000 00610nam a2200193Ia 4500
005 20250508152214.0
008 008 250505s9999 xx 000 0 eng d
037 _aTextual
040 _aFEDL
_beng
_cFEDL
041 _aeng
_2eng
084 _a301.155 04, WIL
_qFEDL
100 _aWilson Roger C.
_9761020
245 0 _aAuthority leadership and concern: A study in motive and administration in quaker relief work
260 _aLondon, UK
_bGeorge Allen and Unwin Ltd.
_c1949
300 _ax,78p
650 _aSociology
942 _cTEXL
_h301.155 04, WIL
999 _c1334953
_d1334953